000 00567nam a2200193 a 4500
001 000022069
003 DO-SdBNP
005 20240927073747.0
008 100916s1971 dr r 001 0 spa d
040 _aDO-SdBNP
_bspa
_cBNPHU
082 _aRD860.9
_bB171p, 1971
100 1 _a Balaguer, Joaquín,
_d1906-2002
_976556
245 1 4 _aLos próceres escritores /
_cJoaquín Balaguer.
250 _a2a. ed.
260 _aSanto Domingo :
_b[s.n.],
_c[1971.
300 _a309 p. ;
_c21 cm.
650 1 4 _aLiteratura dominicana
_xHistoria y critica
_9159
942 _2ddc
_cLBS1
999 _c21567
_d21567